Ανασχεδιασμός των επιχειρησιακών διαδικασιών (B. P. R.) : μελέτη περίπτωσης εφαρμογής του σε δημόσια επιχείρηση

Αποθηκεύτηκε σε:
Λεπτομέρειες βιβλιογραφικής εγγραφής
Κύριος συγγραφέας: Καμάρη, Γεωργία
Συγγραφή απο Οργανισμό/Αρχή: Πανεπιστήμιο Αιγαίου Σχολή Επιστημών της Διοίκησης Τμήμα Διοίκησης Επιχειρήσεων Πρόγραμμα Μεταπτυχιακών Σπουδών στη Διοίκηση Επιχειρήσεων - M.B.A
Άλλοι συγγραφείς: Κακούρης, Ανδρέας (Εισηγητής διατριβής)
Μορφή: Thesis Βιβλίο
Γλώσσα:Greek
Δημοσίευση: 2007
Θέματα:
Διαθέσιμο Online:http://hdl.handle.net/11610/13318
Ετικέτες: Προσθήκη ετικέτας
Δεν υπάρχουν, Καταχωρήστε ετικέτα πρώτοι!

MARC

LEADER 00000cam a2200000 i 4500
001 1/55176
008 070918s2007 gre d
035 |l 10090792 
040 |a GR-MY-UA  |b gre  |e aacr 
041 0 |a gre 
082 0 |a 658.4063  |2 (22) 
100 1 |a Καμάρη, Γεωργία. 
245 1 0 |a Ανασχεδιασμός των επιχειρησιακών διαδικασιών (B. P. R.) :  |b μελέτη περίπτωσης εφαρμογής του σε δημόσια επιχείρηση /  |c Καμάρη Γεωργία ; επιβλέπων καθηγητής Κακούρης Ανδρέας 
260 |c 2007 
300 |a 154 σ.;  |b πίν., σχ.;  |c 30 εκ. 
502 |a Διατριβή (μεταπτυχιακή) – Πανεπιστήμιο Αιγαίου, Χίος, 2007. 
504 |a Περιλαμβάνει βιβλιογραφία 
610 2 0 |a Πανεπιστήμιο Αιγαίου. 
650 0 0 |a Reengineering (Management) 
650 0 0 |a Public administration. 
650 0 0 |a Government business enterprises. 
650 0 0 |a Dissertations, Academic  |z Greece. 
700 0 |a Κακούρης, Ανδρέας.  |4 ths 
710 1 |a Πανεπιστήμιο Αιγαίου  |b Σχολή Επιστημών της Διοίκησης  |b Τμήμα Διοίκησης Επιχειρήσεων  |b Πρόγραμμα Μεταπτυχιακών Σπουδών στη Διοίκηση Επιχειρήσεων - M.B.A. 
852 |a INST  |b CHIOS  |c DIATR  |e 20070918  |h 658.4063 ΚΑΜ  |p 005200028857  |q 005200028857  |t MTXE  |y 23 
852 |a INST  |b CHIOS  |c DIATR  |e 20070918  |h 658.4063 ΚΑΜ  |p 005200028858  |q 005200028858  |t MTXE  |y 23 
856 |u http://hdl.handle.net/11610/13318 
901 |a BIBL2-2007-3 
909 |a Χ  |b 131229 
909 |a Χ  |b 131230 
924 |a Καμάρη  |b Γεωργία  |y Χίος  |z 2007-07 
970 |a Βασιλάκη  |b Νίκη  |z 2007/09/18